00735nas a2200229Ia 4500001001600000003001000016008004100026040002500067041001300092100002200105210002600127222002600153245008400179250001100263260000900274501012300283300001400406362001600420500003700436650002100473700001100494A05/R047-48355 IT-MiCISF161014c99999999xx |||||||||||| ||und|| aIT-MiCISFcIT-MiCISF aITALIANO aColombo Maddalena aCittadini in crescita aCittadini in crescita 0aInserimento e integrazione scolastica di bambini e ragazzi di origine straniera a1a ed. c2010 bCISF - Centro Internazionale Studi Famiglia - Via Giotto, 36 20145 MILANO (non commercial uses only)cCopyright 2016 app. 22-27 an. 1 [2010] a Tema: scuola, bambini-immigrati aSCUOLAvarticolo aAA.VV.